000 00980nam a2200241 i 4500
001 181020
003 ES-MaACL
005 20231004114952.0
008 121002s2010 sp |||| |dspa d
020 _a978-84-96210-91-2
080 _a929 Álvarez Colunga, Rafael (082.2)
245 0 0 _aActo académico in memoriam del Ilmo. Sr. D. Rafael Álvarez Colunga
_b: Sevilla, 18 de diciembre de 2009.
260 _a[Sevilla] :
_bAcademia de Ciencias Sociales y del Medio Ambiente de Andalucía,
_c[2010]
300 _a94 p. ;
_c24 cm +
_e1 DVD.
600 1 7 _aÁlvarez Colunga, Rafael-
_vHomenajes.
_9151526
710 2 _aAcademia de Ciencias Sociales y del Medio Ambiente de Andalucía.
_9151527
852 _aES-MaACL
_jA-12237
_9187901
_bR.147074
_cDEPO1
_dOlim: N-5242
_xDonación: R.A.E
852 1 _aBA
_jROT 2/7/9 (DVD)
914 _96336
_aReal Academia Española
_ednr
942 _2udc
_cMONOGRAFIA
999 _c181020
_d181020